Canzoni Vincitrici Festival di Sanremo - Statistics

Statistiche generali
  • Questo quiz è stato fatto 198 volte
    110 dall'ultimo reset
  • Il punteggio medio è 34 su 75
Statistiche sulle risposte
Anno Vincitore Canzone vincitrice % Corretto
2024 Angelina Mango La noia
89%
2022 Mahmood e Blanco Brividi
88%
2017 Francesco Gabbani Occidentali's Karma
88%
2019 Mahmood Soldi
88%
2021 Måneskin Zitti e buoni
85%
2020 Diodato Fai rumore
84%
2023 Marco Mengoni Due vite
83%
2025 Olly Balorda nostalgia
81%
2015 Il Volo Grande amore
79%
2018 Ermal Meta e Fabrizio Moro Non mi avete fatto niente
79%
2013 Marco Mengoni L'essenziale
73%
1958 Domenico Modugno e Johnny Dorelli Nel blu dipinto di blu
68%
2005 Francesco Renga Angelo
65%
2014 Arisa Controvento
65%
1997 Jalisse Fiumi di parole
65%
1988 Massimo Ranieri Perdere l'amore
64%
2012 Emma Non è l'inferno
63%
2007 Simone Cristicchi Ti regalerò una rosa
60%
2001 Elisa Luce (tramonti a nord est)
58%
1987 Gianni Morandi, Enrico Ruggeri e Umberto Tozzi Si può dare di più
57%
1990 Pooh Uomini soli
57%
1995 Giorgia Come saprei
56%
1969 Bobby Solo e Iva Zanicchi Zingara
56%
1951 Nilla Pizzi Grazie dei fiori
53%
1993 Enrico Ruggeri Mistero
49%
2016 Stadio Un giorno mi dirai
49%
1964 Gigliola Cinquetti e Patricia Carli Non ho l'età (per amarti)
48%
2011 Roberto Vecchioni Chiamami ancora amore
47%
2009 Marco Carta La forza mia
47%
1986 Eros Ramazzotti Adesso tu
44%
2004 Marco Masini L'uomo volante
44%
1981 Alice Per Elisa
44%
1989 Anna Oxa e Fausto Leali Ti lascerò
44%
1984 Al Bano e Romina Power Ci sarà
42%
1992 Luca Barbarossa Portami a ballare
42%
1952 Nilla Pizzi Vola colomba
42%
1971 Nada e Nicola Di Bari Il cuore è uno zingaro
40%
2010 Valerio Scanu Per tutte le volte che...
40%
1999 Anna Oxa Senza pietà
40%
1982 Riccardo Fogli Storie di tutti i giorni
40%
2006 Povia Vorrei avere il becco
40%
1970 Adriano Celentano e Claudia Mori Chi non lavora non fa l'amore
38%
1985 Ricchi e Poveri Se m'innamoro
38%
1998 Annalisa Minetti Senza te o con te
38%
1994 Aleandro Baldi Passerà
37%
1983 Tiziana Rivale Sarà quel che sarà
37%
1980 Toto Cutugno Solo noi
37%
1996 Ron e Tosca Vorrei incontrarti fra cent'anni
37%
2008 Giò Di Tonno e Lola Ponce Colpo di fulmine
36%
1991 Riccardo Cocciante Se stiamo insieme
36%
1977 Homo Sapiens Bella da morire
35%
2002 Matia Bazar Messaggio d'amore
33%
2000 Piccola Orchestra Avion Travel Sentimento
33%
1960 Tony Dallara e Renato Rascel Romantica
32%
2003 Alexia Per dire di no
28%
1975 Gilda Ragazza del sud
28%
1957 Claudio Villa e Nunzio Gallo Corde della mia chitarra
27%
1966 Domenico Modugno e Gigliola Cinquetti Dio come ti amo
27%
1979 Mino Vergnaghi Amare
26%
1956 Franca Raimondi Aprite le finestre
26%
1968 Sergio Endrigo e Roberto Carlos Canzone per te
26%
1959 Domenico Modugno e Johnny Dorelli Piove (ciao ciao bambina)
26%
1965 Bobby Solo e The New Christy Minstrels Se piangi se ridi
26%
1973 Peppino di Capri Un grande amore e niente più
25%
1974 Iva Zanicchi Ciao cara come stai?
23%
1978 Matia Bazar ...e dirsi ciao
22%
1972 Nicola Di Bari I giorni dell'arcobaleno
21%
1953 Carla Boni e Flo Sandon's Viale d'autunno
21%
1963 Tony Renis e Emilio Pericoli Uno per tutte
20%
1954 Giorgio Consolini e Gino Latilla Tutte le mamme
17%
1961 Betty Curtis e Luciano Tajoli Al di là
16%
1955 Claudio Villa e Tullio Pane Buongiorno tristezza
16%
1962 Domenico Modugno e Claudio Villa Addio... addio
15%
1967 Claudio Villa e Iva Zanicchi Non pensare a me
12%
1976 Peppino di Capri Non lo faccio più
11%
Nessun quiz corrispondente trovato
Distribuzione punteggi
Percentuale di utenti per punteggio
Percentile per numero di risposta
I tuoi punteggi nel tempo
Non hai fatto questo quiz dall'ultimo reset